Global Cities Extreme - Statistics

General Stats
  • This quiz has been taken 67 times
  • The average score is 135 of 190
Answer Stats
Tier City % Correct
Beta+ Barcelona
98%
Alpha++ London
98%
Alpha Los Angeles
98%
Alpha++ New York City
98%
Alpha Amsterdam
95%
Alpha Chicago
95%
Beta+ Dallas
95%
Alpha+ Dubai
95%
Alpha Guangzhou
95%
Alpha+ Hong Kong
95%
Alpha- Houston
95%
Alpha Istanbul
95%
Alpha Madrid
95%
Alpha- Melbourne
95%
Gamma Osaka
95%
Beta Oslo
95%
Alpha+ Paris
95%
Beta- Rio de Janeiro
95%
Alpha São Paulo
95%
Alpha- Stockholm
95%
Alpha+ Sydney
95%
Alpha+ Tokyo
95%
Alpha+ Beijing
93%
Alpha- Berlin
93%
Alpha- Boston
93%
Beta Copenhagen
93%
Alpha Jakarta
93%
Alpha Mexico City
93%
Beta+ Miami
93%
Alpha Mumbai
93%
Alpha- New Delhi
93%
Beta+ Rome
93%
Alpha- Santiago
93%
Beta- Seattle
93%
Alpha+ Singapore
93%
Beta+ Atlanta
90%
Beta+ Bogota
90%
Alpha- Buenos Aires
90%
Beta Cairo
90%
Beta- Helsinki
90%
Alpha- Lisbon
90%
Alpha- Riyadh
90%
Alpha Seoul
90%
Alpha- Taipei
90%
Beta Tel Aviv
90%
Alpha Toronto
90%
Alpha- Vienna
90%
Alpha Warsaw
90%
Alpha- Zurich
90%
Beta Abu Dhabi
88%
Gamma+ Austin
88%
Alpha Bangkok
88%
Alpha- Brussels
88%
Gamma+ Cape Town
88%
Alpha- Dublin
88%
Alpha- Johannesburg
88%
Alpha Kuala Lumpur
88%
Alpha Milan
88%
Alpha- San Francisco
88%
Alpha+ Shanghai
88%
Beta- Vancouver
88%
Gamma Birmingham
85%
Alpha Frankfurt
85%
Beta Geneva
85%
Beta Kiev
85%
Beta- Lagos
85%
Beta+ Lima
85%
Beta- Manchester
85%
Beta Manila
85%
Beta+ Montreal
85%
Beta+ Prague
85%
Alpha- Washington DC
85%
Beta+ Athens
83%
Beta+ Auckland
83%
Beta Hanoi
83%
Gamma- Jeddah
83%
Beta- Lyon
83%
Gamma- Marseille
83%
Alpha- Munich
83%
Beta- Panama City
83%
Beta Wuhan
83%
Beta+ Bangalore
80%
Beta Brisbane
80%
Beta+ Bucharest
80%
Beta+ Budapest
80%
Beta- Casablanca
80%
Beta- Denver
80%
Gamma+ Dhaka
80%
Beta+ Doha
80%
Alpha- Düsseldorf
80%
Beta+ Hamburg
80%
Beta+ Ho Chi Minh City
80%
Gamma+ Kuwait City
80%
Beta- Philadelphia
80%
Alpha- Shenzhen
80%
Beta- Karachi
78%
Beta Perth
78%
Gamma+ Rotterdam
78%
Gamma San Jose
78%
Gamma San José
78%
Gamma- Charlotte
75%
Beta- Chennai
75%
Gamma+ Hyderabad
75%
Gamma+ Minneapolis
75%
Gamma+ San Diego
75%
Beta- Caracas
73%
Beta+ Chengdu
73%
Beta Chongqing
73%
Gamma Detroit
73%
Gamma- Edinburgh
73%
Alpha- Luxembourg
73%
Beta Nairobi
73%
Beta- Xi'an
73%
Gamma+ Adelaide
70%
Gamma+ Porto
70%
Gamma Riga
70%
Beta- Sofia
70%
Gamma- Wellington
70%
Beta Xiamen
70%
Beta- Zagreb
70%
Beta- Belgrade
68%
Gamma+ Lahore
68%
Beta- Montevideo
68%
Gamma- Turin
68%
Gamma- Valencia
68%
Gamma+ Amman
65%
Gamma- Baku
65%
Beta- Beirut
65%
Beta Calgary
65%
Gamma+ Guatemala City
65%
Beta+ Hangzhou
65%
Gamma Muscat
65%
Gamma Quito
65%
Beta+ Tianjin
65%
Gamma- Cleveland
63%
Gamma Tampa
63%
Gamma+ Tunis
63%
Gamma+ Colombo
60%
Gamma- Dar es Salaam
60%
Beta Nanjing
60%
Beta- Qingdao
60%
Gamma- Accra
58%
Beta Manama
58%
Gamma Tbilisi
58%
Gamma Ahmedabad
55%
Gamma- Baltimore
55%
Beta- Changsha
55%
Gamma Monterrey
55%
Gamma- Pittsburgh
55%
Beta Zhengzhou
55%
Beta- Bratislava
53%
Gamma Islamabad
53%
Gamma Phnom Penh
53%
Gamma+ Antwerp
50%
Gamma Nashville
50%
Gamma+ Santo Domingo
50%
Gamma- St Louis
50%
Gamma Harbin
48%
Beta- Kunming
48%
Gamma+ Almaty
45%
Gamma Pune
45%
Beta Shenyang
45%
Beta- Stuttgart
45%
Gamma+ Fuzhou
43%
Beta- Hefei
43%
Gamma San Salvador
43%
Gamma- Surabaya
43%
Gamma- Bilbao
40%
Gamma Bristol
40%
Gamma- Ljubljana
40%
Beta Dalian
38%
Beta Jinan
38%
Gamma Tirana
38%
Gamma- Cali
35%
Gamma- Managua
35%
Gamma Kampala
33%
Gamma Ningbo
33%
Beta Suzhou
30%
Beta- Nicosia
28%
Gamma- Changchun
25%
Gamma+ Taiyuan
25%
Gamma Tegucigalpa
25%
Gamma Bologna
20%
Gamma- Katowice
18%
Gamma- Nanchang
18%
Gamma Haikou
13%
Gamma- Poznan
13%
Beta- Port Louis
10%
Gamma- Penang
3%
Gamma- Labuan
0%
No matching quizzes found
Score Distribution
Percent of People with Each Score
Percentile by Number Answered
Your Score History
You have not taken this quiz